MATLAB For Control Engineers / (Record no. 10176)
[ view plain ]
| 000 -LEADER | |
|---|---|
| fixed length control field | 00560nam a22001817a 4500 |
| 090 ## - LOCALLY ASSIGNED LC-TYPE CALL NUMBER (OCLC); LOCAL CALL NUMBER (OCLC) | |
| -- | 10176 |
| 008 - FIXED-LENGTH DATA ELEMENTS--GENERAL INFORMATION | |
| fixed length control field | 080915t xxu||||| |||| 00| 0 eng d |
| 020 ## - INTERNATIONAL STANDARD BOOK NUMBER | |
| International Standard Book Number | 9780136150770 |
| 020 ## - INTERNATIONAL STANDARD BOOK NUMBER | |
| International Standard Book Number | 0136150772 |
| 082 ## - DEWEY DECIMAL CLASSIFICATION NUMBER | |
| Edition number | 22 |
| Classification number | 620.001 |
| Item number | OGA |
| 100 ## - MAIN ENTRY--PERSONAL NAME | |
| 9 (RLIN) | 445 |
| Personal name | Ogata, Katsuhiko |
| 245 ## - TITLE STATEMENT | |
| Title | MATLAB For Control Engineers / |
| Statement of responsibility, etc | Katsuhiko Ogata. |
| 260 ## - PUBLICATION, DISTRIBUTION, ETC. (IMPRINT) | |
| Place of publication, distribution, etc | Upper Saddle River, New Jersey: |
| Name of publisher, distributor, etc | Pearson Prentic hall, |
| Date of publication, distribution, etc | c.2008. |
| 300 ## - PHYSICAL DESCRIPTION | |
| Extent | 433p: |
| Other physical details | ill; |
| Dimensions | 23cm. |
| 500 ## - GENERAL NOTE | |
| General note | Distributer: Baccah. |
| 650 ## - SUBJECT ADDED ENTRY--TOPICAL TERM | |
| 9 (RLIN) | 467 |
| Topical term or geographic name as entry element | Engineering Mathematics-Data Processing |
| 942 ## - ADDED ENTRY ELEMENTS (KOHA) | |
| Source of classification or shelving scheme | Dewey Decimal Classification |
| Item type | Book - Borrowing |
| Withdrawn status | Item status | Source of classification or shelving scheme | Damaged status | Not for loan | Home library | Current library | Shelving location | Date acquired | Source of acquisition | Total Checkouts | Full call number | Barcode | Date last seen | Date last borrowed | Koha item type |
|---|---|---|---|---|---|---|---|---|---|---|---|---|---|---|---|
| Dewey Decimal Classification | Central Library | Central Library | First floor | 15/09/2008 | Purchase | 1 | 620.001 OGA | 000013870 | 15/07/2025 | 26/01/2010 | Book - Borrowing | ||||
| Dewey Decimal Classification | Central Library | Central Library | First floor | 15/09/2008 | Purchase | 620.001 OGA | 000013884 | 15/07/2025 | NB - Book (Non borrowing) |